| 000 | 00595nam a2200169Ia 4500 | ||
|---|---|---|---|
| 999 |
_c15135 _d15135 |
||
| 082 | _aRP.0268 | ||
| 100 | _aPrasad, Awadh | ||
| 245 | 0 | _aImpact of land acquisition for industrial purpose on farmers life: a case study of RIICO industrial area | |
| 260 |
_c2006 _bIndian Council of Social Science Research, New Delhi |
||
| 300 | _a128 | ||
| 504 | _aincludes appendices and bibliography | ||
| 650 |
_aRural industries _zRajasthan |
||
| 650 |
_aIndustrialization _zRajasthan |
||
| 650 |
_aIndustries _vEnvironmental aspects _zRajasthan |
||
| 650 |
_aLand use, Rural _zRajasthan |
||
| 942 |
_cRP _2ddc |
||